banner-ar

مستقبلنا المشترك (عالم المعرفة 142) / (Record no. 36042)

MARC details
000 -الفاتح
حقل البيانات ثابتة الطول 00957nam a2200265Ia 4500
008 - عناصر البيانات ثابتة الطول - معلومات عامة
حقل البيانات ثابتة الطول 140319s9999 xx 000 0 ara d
040 ## - مصدر الفهرسة
وكالة الفهرسة الأصلية GCL /
وكالة النسخ GCL
082 04 - رقم تصنيف ديوى العشرى
رقم التصنيف د
رقم المادة 050
100 1# - المدخل الرئيسى - إسم شخصى
الإسم الشخصى اللجنه العالمية للبيئة والتنمي
245 10 - بيان العنوان
العنوان مستقبلنا المشترك (عالم المعرفة 142) /
بيان المسئوليه,etc اللجنه العالمية للبيئة والتنمي
700 1# - المدخل الاضافى - اسم شخصى
الإسم الشخصى محمد كمال عارف
700 1# - المدخل الاضافى - اسم شخصى
الإسم الشخصى على حسين حجاج (مراجع )
260 ## - PUBLICATION, DISTRIBUTION, ETC. (IMPRINT)
تاريخ النشر أو التوزيع 1989
300 ## - الوصف المادى
التعداد 514 ص ؛
أبعاد الوعاء 20 سم
490 ## - بيان السلسلة
عنوان السلسلة عالم المعرفة
رقم المجلد/ التعيين التسلسلي 142
650 04 - المدخل الاضافى بالموضوع-مصطلح موضوعى
مصطلح موضوعي البيئة
650 04 - المدخل الاضافى بالموضوع-مصطلح موضوعى
مصطلح موضوعي العلم
650 04 - المدخل الاضافى بالموضوع-مصطلح موضوعى
مصطلح موضوعي حماية البيئة
650 04 - المدخل الاضافى بالموضوع-مصطلح موضوعى
مصطلح موضوعي التنمية الاجتماعية
650 04 - المدخل الاضافى بالموضوع-مصطلح موضوعى
مصطلح موضوعي التلوث
650 04 - المدخل الاضافى بالموضوع-مصطلح موضوعى
مصطلح موضوعي المستقبلية
650 04 - المدخل الاضافى بالموضوع-مصطلح موضوعى
مصطلح موضوعي المستقبل
942 ## - عناصر المدخل الإضافي( كوها)
مصدر التصنيف او مخطط الترفيف Dewey Decimal Classification
Koha [default] item type كتاب
260 ## - PUBLICATION, DISTRIBUTION, ETC. (IMPRINT)
-- الكويت :
-- المجلس الوطنى للثقافة والفنون والاداب ،
Holdings
حالة التراجع حالة الفقد حالة تلف ليس للاعارة المكان المؤقت الموقع الحالى تاريخ الاكتساب اجمالي اﻻعارات رقم الطلب الباركود تاريخ اخر مشاهدة تاريخ تفعيل السعر نوع وعاء كوها
        مكتبة القاهرة الكبرى مكتبة القاهرة الكبرى 03/26/2014   د\050 87714 03/26/2014 03/26/2014 كتاب
        مكتبة القاهرة الكبرى مكتبة القاهرة الكبرى 03/26/2014   د\050 87715 03/26/2014 03/26/2014 كتاب
        مكتبة القاهرة الكبرى مكتبة القاهرة الكبرى 03/26/2014   د\050 87716 03/26/2014 03/26/2014 كتاب

Powered By

EGPV